Milk quotas explained (Record no. 94465)

MARC details
000 -LEADER
fixed length control field 00720cam a2200229 4500
008 - FIXED-LENGTH DATA ELEMENTS--GENERAL INFORMATION
fixed length control field 090401t1995 xxu||||| |||| 00| 0 eng d
020 ## - INTERNATIONAL STANDARD BOOK NUMBER
International Standard Book Number 0854067108
035 ## - SYSTEM CONTROL NUMBER
System control number (Sirsi) u62663
041 ## - LANGUAGE CODE
Language code of text/sound track or separate title eng
050 ## - LIBRARY OF CONGRESS CALL NUMBER
Classification number 338.181
-- 18
090 ## - LOCALLY ASSIGNED LC-TYPE CALL NUMBER (OCLC); LOCAL CALL NUMBER (RLIN)
Classification number (OCLC) (R) ; Classification number, CALL (RLIN) (NR) RICS 1995/99ABCD
100 ## - MAIN ENTRY--PERSONAL NAME
Personal name Edwards, John
245 ## - TITLE STATEMENT
Title Milk quotas explained
260 ## - PUBLICATION, DISTRIBUTION, ETC.
Place of publication, distribution, etc. London
Name of publisher, distributor, etc. RICS
Date of publication, distribution, etc. 1995
300 ## - PHYSICAL DESCRIPTION
Extent 76p.
Dimensions 21cm.
350 ## - PRICE (NR) (BK AM CF MU VM SE) [OBSOLETE]
Price 20.95
520 ## - SUMMARY, ETC.
Summary, etc. An readable guide to the milk quota system, its origins and how it works. Includes advice on altering and adjusting quotas, and on claims for compensation on termination of a tenancy.
650 ## - SUBJECT ADDED ENTRY--TOPICAL TERM
Topical term or geographic name entry element MILK QUOTAS
690 ## - LOCAL SUBJECT ADDED ENTRY--TOPICAL TERM (OCLC, RLIN)
Topical term or geographic name as entry element RURAL-FARM BUSINESS MANAGEMENT
942 ## - ADDED ENTRY ELEMENTS (KOHA)
Suppress in OPAC 0
948 ## - LOCAL PROCESSING INFORMATION (OCLC); SERIES PART DESIGNATOR (RLIN)
c (OCLC) 04/03/1997
Holdings
Withdrawn status Lost status Source of classification or shelving scheme Damaged status Not for loan Home library Current library Shelving location Date acquired Cost, normal purchase price Total Checkouts Full call number Barcode Date last seen Copy number Cost, replacement price Price effective from Koha item type Date last checked out
    Dewey Decimal Classification     London London RICS Boxes 27/11/1995 20.95   RICS 1995/99 30049289 06/08/2019 1 20.95 06/08/2019 Archive  
    Dewey Decimal Classification     London London RICS Boxes 27/11/1995 20.95   RICS 1995/99 30049290 06/08/2019 2 20.95 06/08/2019 Reference material  
    Dewey Decimal Classification     London London RICS Boxes 27/11/1995 20.95 4 RICS 1995/99 30049291 06/08/2019 3 20.95 06/08/2019 Book 27/11/2001